| 000 | 00785nam a2200289 a 4500 | ||
|---|---|---|---|
| 003 | AR-BaBNM | ||
| 005 | 20251128203339.0 | ||
| 008 | 082120s2002 ||||||||||||||000 | spa|| | ||
| 020 | _a968-23-1669-3 | ||
| 040 | _cAR-BaBNM | ||
| 245 | 0 | 0 |
_aDiccionario de política _ba/j _n1 |
| 250 | _a7ª ed. | ||
| 260 |
_aCoyoacán _bSiglo Veintiuno _c1991 |
||
| 300 | _axv, 852 p. | ||
| 650 | 4 | _aDICCIONARIOS | |
| 650 | 4 | _aPOLITICA | |
| 655 | _aREFERENCIA | ||
| 700 | 1 |
_aBobbio, Norberto _edirector |
|
| 700 | 1 |
_aMatteucci, Nicola _edirector |
|
| 700 | 1 |
_aPasquino, Gianfranco _edirector |
|
| 700 | 1 |
_aCrisafio, Raúl _etraductor |
|
| 700 | 1 |
_aGarcía, Alfonso _etraductor |
|
| 700 | 1 |
_aMartí, Miguel _etraductor |
|
| 700 | 1 |
_aTula, Jorge _etraductor |
|
| 942 | _cBK | ||
| 998 | _cCarmen | ||
| 999 |
_c2995 _d2995 |
||